| 000 | 00374nam a2200133Ia 4500 | ||
|---|---|---|---|
| 005 | 20260326235447.0 | ||
| 008 | 260326s9999||||xx |||||||||||||| ||und|| | ||
| 100 | _aLe Breton, Preston P. | ||
| 245 | 0 |
_aTeoría del Planeamiento / _cPreston P. Le Breton |
|
| 260 | _bCentro Regional de Ayuda Técnica | ||
| 300 | _a404 p. | ||
| 650 | _aCONSTRUCCIÓN-PLANEAMIENTO | ||
| 942 | _cBK | ||
| 999 |
_c7618 _d7618 |
||